[Event "IIFL Wealth  4th Mumbai Junior U-13"]
[Site "Mumbai"]
[Date "2018.12.30"]
[Round "1"]
[White "Jain Adi"]
[Black "Borate Tanvi"]
[Result "1-0"]
[WhiteElo "1545"]
[BlackElo "1035"]
[Annotator "NA"]
[PlyCount "71"]
[EventDate "2018.12.30"]
[EventType "swiss"]
[EventCountry "IND"]
[SourceTitle "playchess.com"]
[Source "ChessBase"]
[SourceQuality "1"]

1. Nf3 d5 2. c4 e6 3. g3 Nf6 4. d4 Be7 5. Bg2 O-O 6. O-O dxc4 7. Ne5 Nbd7 8. Nxc4 Nb6 9. Ne5 c5 10. dxc5 Bxc5 11. Nd3 Bd6 12. Nc3 Qe7 13. Bg5 h6 14. Bxf6 Qxf6 15. Ne4 Qe7 16. Nxd6 Qxd6 17. Rc1 e5 18. Nc5 Qe7 19. a4 Rd8 20. Qb3 Rb8 21. a5 Nd7 22. Nxd7 Qxd7 23. Rfd1 Qe7 24. Rxd8+ Qxd8 25. Qd5 Qe7 26. Qc5 Qg5 27. Qc7 Kh7 28. f4 exf4 29. Qxb8 fxg3 30. Qxc8 gxh2+ 31. Kh1 h5 32. Rf1 Kh6 33. Qh8+ Kg6 34. Be4+ f5 35. Bxf5+ Kf6 36. Qd8+ 1-0

[Event "IIFL Wealth  4th Mumbai Junior U-13"]
[Site "Mumbai"]
[Date "2018.12.30"]
[Round "1"]
[White "Kshatriya Nitin Vekhande"]
[Black "Jain Hitansh"]
[Result "1-0"]
[WhiteElo "1544"]
[BlackElo "1008"]
[Annotator "NA RC"]
[PlyCount "83"]
[EventDate "2018.12.30"]
[EventType "swiss"]
[EventCountry "IND"]
[SourceTitle "playchess.com"]
[Source "ChessBase"]
[SourceQuality "1"]

1. e4 c6 2. d4 d5 3. exd5 cxd5 4. Bd3 Nc6 5. c3 Qc7 6. Bg5 Nf6 7. Nf3 Bg4 8. Nbd2 e6 9. O-O Bd6 10. Qc2 h6 11. Bh4 O-O-O 12. a4 Rhe8 13. Bb5 a6 14. Bxc6 bxc6 15. b4 g5 16. Bg3 Bxg3 17. fxg3 Bf5 18. Qb3 Qb7 19. Ne5 Ng4 20. Ndf3 Nxe5 21. Nxe5 f6 22. Nf3 Bd3 23. Rf2 Bc4 24. Qb1 e5 25. dxe5 fxe5 26. Qf5+ Qd7 27. Nxe5 Qxf5 28. Rxf5 Rd6 29. Nf3 Rde6 30. Rc1 g4 31. Nd4 Re1+ 32. Rxe1 Rxe1+ 33. Kf2 Rc1 34. Nxc6 Rxc3 35. Rh5 Rc2+ 36. Ke3 Rxg2 37. Rxh6 Re2+ 38. Kd4 Rd2+ 39. Kc5 Rc2 40. Kd6 Kb7 41. Rh8 Bb3 42. Rb8# 1-0

[Event "IIFL Wealth  4th Mumbai Junior U-13"]
[Site "Mumbai"]
[Date "2018.12.30"]
[Round "1"]
[White "Aggarwal Vansh"]
[Black "Tyagi, Kushan"]
[Result "1-0"]
[WhiteElo "1328"]
[BlackElo "2042"]
[Annotator "NA RC"]
[PlyCount "85"]
[EventDate "2018.12.30"]
[EventType "swiss"]
[EventCountry "IND"]
[SourceTitle "playchess.com"]
[Source "ChessBase"]
[SourceQuality "1"]

1. e4 e5 2. Nf3 Nf6 3. Nxe5 d6 4. Nf3 Nxe4 5. Nc3 Nxc3 6. dxc3 Be7 7. Bf4 O-O 8. Qd2 Re8 9. O-O-O Be6 10. Nd4 Bxa2 11. b3 d5 12. Kb2 Bxb3 13. cxb3 c5 14. Nf5 Nc6 15. Nxe7+ Rxe7 16. Qxd5 Re8 17. Qxd8 Raxd8 18. Rxd8 Rxd8 19. Be2 Re8 20. Bf3 Re6 21. Rd1 h6 22. Bxc6 Rxc6 23. Rd7 Re6 24. Be3 Kf8 25. Kc2 Ke8 26. Rxb7 Re7 27. Rxe7+ Kxe7 28. Bxc5+ Kd7 29. Bxa7 Kc6 30. c4 h5 31. b4 f5 32. b5+ Kc7 33. c5 Kb7 34. Bb6 g5 35. g3 g4 36. Kd3 Kb8 37. c6 Kc8 38. Ba5 Kb8 39. b6 Kc8 40. Bb4 Kb8 41. Bd6+ Kc8 42. b7+ Kd8 43. b8=R# 1-0

[Event "IIFL Wealth  4th Mumbai Junior U-13"]
[Site "Mumbai"]
[Date "2018.12.30"]
[Round "1"]
[White "Marzouq, Chowdhury"]
[Black "Gukesh D"]
[Result "*"]
[WhiteElo "1224"]
[BlackElo "2466"]
[Annotator "TA"]
[PlyCount "33"]
[EventDate "2018.12.30"]
[EventType "swiss"]
[EventCountry "IND"]
[SourceTitle "playchess.com"]
[Source "ChessBase"]
[SourceQuality "1"]

1. e4 b6 2. d4 Bb7 3. Nc3 e6 4. Nf3 Bb4 5. Bd3 Nf6 6. Bg5 h6 7. Bxf6 Qxf6 8. e5 Qf4 9. Be2 O-O 10. O-O Bxc3 11. bxc3 d6 12. Re1 Nd7 13. Qc1 Qxc1 14. Raxc1 dxe5 15. dxe5 Nc5 16. Nd4 Na4 17. Nb5 *

[Event "IIFL Wealth  4th Mumbai Junior U-13"]
[Site "Mumbai"]
[Date "2018.12.30"]
[Round "1"]
[White "Riddhika Kotia"]
[Black "Pranav Vijay"]
[Result "*"]
[WhiteElo "1213"]
[BlackElo "2265"]
[Annotator "ChessBase"]
[PlyCount "72"]
[EventDate "2018.12.30"]
[EventType "swiss"]
[EventCountry "IND"]
[SourceTitle "playchess.com"]
[Source "ChessBase"]
[SourceQuality "1"]

1. d4 Nf6 2. Nf3 e6 3. e3 b6 4. Bd3 Bb7 5. b3 d6 6. Bb2 Nbd7 7. Nbd2 g6 8. O-O Bg7 9. c4 Qe7 10. Re1 e5 11. dxe5 dxe5 12. e4 O-O 13. Qe2 Nh5 14. Qe3 Nf4 15. Bc2 Rad8 16. Rad1 Bh6 17. Qc3 Ne6 18. Nxe5 Nxe5 19. Qxe5 Bg7 20. Qg3 Bxb2 21. f4 Bf6 22. Re2 Nd4 23. Re3 Nxc2 24. Rd3 Bd4+ 25. Kh1 Bf2 26. Qf3 Ne1 27. Qxf2 Nxd3 28. Qe2 Bxe4 29. Nxe4 Nf2+ 30. Kg1 Nxd1 31. Qf3 Rfe8 32. Ng3 Qe1+ 33. Nf1 Re2 34. Qg3 Rf2 35. h3 Rxf1+ 36. Kh2 Rh1# *

[Event "IIFL Wealth  4th Mumbai Junior U-13"]
[Site "Mumbai"]
[Date "2018.12.30"]
[Round "1"]
[White "Shah Viha"]
[Black "Divya Deshmukh"]
[Result "0-1"]
[WhiteElo "1212"]
[BlackElo "2190"]
[Annotator "NA"]
[PlyCount "120"]
[EventDate "2018.12.30"]
[EventType "swiss"]
[EventCountry "IND"]
[SourceTitle "playchess.com"]
[Source "ChessBase"]
[SourceQuality "1"]

1. e4 d5 2. exd5 Nf6 3. d4 Bg4 4. f3 Bf5 5. Ne2 Nxd5 6. Ng3 Bg6 7. a3 e6 8. Bc4 Bd6 9. Bxd5 Bxg3+ 10. hxg3 Qxd5 11. Nc3 Qd7 12. Be3 Nc6 13. Qd2 O-O-O 14. O-O-O Na5 15. Qe2 Qc6 16. Qb5 Qxb5 17. Nxb5 a6 18. Nc3 Nc4 19. Bf2 Rd6 20. Rh4 Rb6 21. Na4 Rc6 22. Nc5 Rd8 23. Rf4 Nxb2 24. Kxb2 Rxc5 25. dxc5 Rxd1 26. Rd4 Rf1 27. Rd2 e5 28. g4 f6 29. Re2 Kd7 30. Rd2+ Kc6 31. Be3 h5 32. gxh5 Bxh5 33. Kc3 Bf7 34. Kb2 Bd5 35. Bf2 g5 36. Re2 Rd1 37. Be3 Bc4 38. Rf2 Re1 39. Bd2 Rf1 40. Rxf1 Bxf1 41. g3 Be2 42. f4 exf4 43. gxf4 g4 44. Be3 Kd5 45. Kc3 Ke4 46. Kd2 Bb5 47. c3 f5 48. Bd4 g3 49. Ke1 Kf3 50. Be5 Kg2 51. Bd4 Kh1 52. Kd2 g2 53. Kc2 g1=Q 54. Bxg1 Kxg1 55. Kd2 Kf2 56. Kd1 Ke3 57. Ke1 Kxf4 58. Kf2 Ke4 59. Kg3 Ke3 60. Kg2 f4 0-1

[Event "IIFL Wealth  4th Mumbai Junior U-13"]
[Site "Mumbai"]
[Date "2018.12.30"]
[Round "1"]
[White "Suhaani Lohia"]
[Black "Pranesh M"]
[Result "0-1"]
[WhiteElo "1200"]
[BlackElo "2125"]
[Annotator "TA"]
[PlyCount "48"]
[EventDate "2018.12.30"]
[EventType "swiss"]
[EventCountry "IND"]
[SourceTitle "playchess.com"]
[Source "ChessBase"]
[SourceQuality "1"]

1. e4 e6 2. d4 d5 3. Nd2 Nf6 4. e5 Nfd7 5. Bd3 c5 6. c3 Nc6 7. Ne2 f6 8. Nf4 Qe7 9. Qh5+ Qf7 10. Bg6 hxg6 11. Qxh8 fxe5 12. Nh3 exd4 13. c4 Nde5 14. O-O Bd7 15. Ng5 Qf5 16. f4 Nxc4 17. Nxc4 dxc4 18. Qg8 Ne7 19. Qh8 O-O-O 20. Re1 Nd5 21. Qg8 Bd6 22. Nf7 Rxg8 23. Nxd6+ Kc7 24. Nxf5 b5 0-1

[Event "IIFL Wealth  4th Mumbai Junior U-13"]
[Site "Mumbai"]
[Date "2018.12.30"]
[Round "1"]
[White "Sathi Akshaj Mayank"]
[Black "Kadam Om Manish"]
[Result "0-1"]
[WhiteElo "1194"]
[BlackElo "1944"]
[Annotator "NA RC"]
[PlyCount "84"]
[EventDate "2018.12.30"]
[EventType "swiss"]
[EventCountry "IND"]
[SourceTitle "playchess.com"]
[Source "ChessBase"]
[SourceQuality "1"]

1. e4 c5 2. Nf3 d6 3. d4 cxd4 4. Nxd4 Nf6 5. Nc3 a6 6. Be3 e5 7. Nf3 Be7 8. Be2 O-O 9. O-O b5 10. a3 Bb7 11. Bd3 Nbd7 12. Qe2 Qc7 13. Rfd1 Rac8 14. Rac1 Bc6 15. Nd5 Bxd5 16. exd5 e4 17. Bxe4 Nxe4 18. Bf4 Ndf6 19. h3 Rfe8 20. Qd3 Bf8 21. Nd2 Nxd2 22. Qxd2 Qc4 23. Be3 Re5 24. Qa5 Nxd5 25. Qd2 Nxe3 26. fxe3 d5 27. Re1 Rce8 28. c3 Rxe3 29. Rxe3 Rxe3 30. Rc2 Qe4 31. Kh2 Bd6+ 32. Kg1 Re1+ 33. Kf2 Bc5+ 34. Kg3 Qe5+ 35. Kf3 Re3+ 36. Kf2 Qf4+ 37. Kg1 Rxh3+ 38. Qd4 Bxd4+ 39. cxd4 Qxd4+ 40. Rf2 Rd3 41. Kf1 Rd1+ 42. Ke2 Qd3# 0-1

[Event "IIFL Wealth  4th Mumbai Junior U-13"]
[Site "Mumbai"]
[Date "2018.12.30"]
[Round "1"]
[White "Kadam Laksh"]
[Black "Zia, Tahsin Tajwar"]
[Result "0-1"]
[WhiteElo "1182"]
[BlackElo "1925"]
[Annotator "NA RC"]
[PlyCount "64"]
[EventDate "2018.12.30"]
[EventType "swiss"]
[EventCountry "IND"]
[SourceTitle "playchess.com"]
[Source "ChessBase"]
[SourceQuality "1"]

1. f4 Nf6 2. Nf3 d5 3. d4 g6 4. e3 Bg7 5. Nc3 O-O 6. Bd3 c5 7. b3 Nc6 8. O-O Bg4 9. Be2 Rc8 10. Bb2 cxd4 11. exd4 Ne4 12. Ne5 Nxc3 13. Bxc3 Bxe2 14. Qxe2 Nxe5 15. dxe5 Rxc3 16. g4 Qb6+ 17. Kh1 Rfc8 18. Rac1 Qe3 19. Qg2 Qe4 20. Rf2 e6 21. Qxe4 dxe4 22. Re2 Bf8 23. Rxe4 Rxc2 24. Rxc2 Rxc2 25. Ra4 a6 26. h3 Bc5 27. Ra5 Kf8 28. a3 Rc3 29. b4 Bb6 30. Ra4 Rxh3+ 31. Kg2 Rb3 32. g5 Ke7 0-1

[Event "IIFL Wealth  4th Mumbai Junior U-13"]
[Site "Mumbai"]
[Date "2018.12.30"]
[Round "1"]
[White "Shaurya Dinesh Sawlani"]
[Black "Savitha Shri B"]
[Result "0-1"]
[WhiteElo "1173"]
[BlackElo "1894"]
[Annotator "NA"]
[PlyCount "40"]
[EventDate "2018.12.30"]
[EventType "swiss"]
[EventCountry "IND"]
[SourceTitle "playchess.com"]
[Source "ChessBase"]
[SourceQuality "1"]

1. e4 b6 2. d4 Bb7 3. Nc3 e6 4. Bd3 Nf6 5. Nf3 Bb4 6. Bd2 Bxc3 7. bxc3 Nxe4 8. Bxe4 Bxe4 9. O-O O-O 10. Re1 d5 11. c4 Nc6 12. cxd5 Bxf3 13. gxf3 Qxd5 14. c3 e5 15. Be3 exd4 16. Bxd4 Rad8 17. Re4 Rd6 18. Rg4 Ne5 19. Re4 Rg6+ 20. Kh1 Nxf3 0-1

[Event "IIFL Wealth  4th Mumbai Junior U-13"]
[Site "Mumbai"]
[Date "2018.12.30"]
[Round "1"]
[White "Aarav, Bhavin Mehta"]
[Black "Potawad Anirudhha"]
[Result "0-1"]
[WhiteElo "1166"]
[BlackElo "1849"]
[Annotator "NA"]
[PlyCount "84"]
[EventDate "2018.12.30"]
[EventType "swiss"]
[EventCountry "IND"]
[SourceTitle "playchess.com"]
[Source "ChessBase"]
[SourceQuality "1"]

1. d4 Nf6 2. Nf3 e6 3. e3 d5 4. Bd3 Be7 5. Nbd2 O-O 6. O-O c5 7. b3 Nc6 8. a3 b6 9. Bb2 Bb7 10. Ne5 Rc8 11. f4 cxd4 12. exd4 Qc7 13. Rc1 Bd6 14. Rf3 h6 15. Rh3 Qe7 16. g4 Nh7 17. b4 Qf6 18. Nd7 Qxf4 19. Nxf8 Ng5 20. Rh4 Rxf8 21. c3 Qxd2 22. Qxd2 Nf3+ 23. Kg2 Nxd2 24. Rd1 Nc4 25. Bxc4 dxc4 26. Kg1 Ne7 27. Rh3 Nd5 28. Rf1 Nf4 29. Re3 Nd3 30. Re2 g5 31. Bc1 Nxc1 32. Rxc1 Bf3 33. Rec2 Bxg4 34. Rf1 Bf5 35. Rcf2 Be4 36. Re1 Bd5 37. a4 f5 38. b5 Bc7 39. Ree2 g4 40. Re3 f4 41. Ree2 h5 42. Kf1 h4 0-1

[Event "IIFL Wealth  4th Mumbai Junior U-13"]
[Site "Mumbai"]
[Date "2018.12.30"]
[Round "1"]
[White "Balkawade Om"]
[Black "Krishnan Ritvik"]
[Result "0-1"]
[WhiteElo "1157"]
[BlackElo "1812"]
[Annotator "NA"]
[PlyCount "126"]
[EventDate "2018.12.30"]
[EventType "swiss"]
[EventCountry "IND"]
[SourceTitle "playchess.com"]
[Source "ChessBase"]
[SourceQuality "1"]

1. e4 c5 2. Nf3 Nc6 3. d4 cxd4 4. Nxd4 Nf6 5. Nc3 e5 6. Ndb5 d6 7. Bg5 a6 8. Na3 b5 9. Nd5 Be7 10. Bxf6 Bxf6 11. c3 O-O 12. Be2 Bg5 13. Nc2 Rb8 14. O-O Be6 15. Nce3 Ne7 16. Qd3 Ng6 17. Rfd1 Bxe3 18. Nxe3 Nf4 19. Qd2 Qf6 20. Bf3 Rfd8 21. b3 Nh3+ 22. Kh1 Ng5 23. Qe2 Nxf3 24. Qxf3 Qxf3 25. gxf3 Rbc8 26. Rac1 f5 27. Rd3 g6 28. Rcd1 Rc6 29. Kg2 Kf7 30. Nd5 Bxd5 31. Rxd5 Ke6 32. R5d3 Rc5 33. Kf1 a5 34. Ke2 Rc6 35. Rd5 Rb8 36. R5d3 a4 37. b4 Rbb6 38. a3 Rc4 39. Ke3 Rbc6 40. Rc1 h6 41. h3 g5 42. Rc2 Kf6 43. Rc1 Kg6 44. Rc2 fxe4 45. fxe4 Kh5 46. Kf3 Kh4 47. Rc1 h5 48. Re3 Rc7 49. Kg2 Rf7 50. Rd1 Rfc7 51. Rc1 Rc8 52. Rc2 g4 53. hxg4 hxg4 54. Rc1 Kg5 55. f3 Kf4 56. Kf2 g3+ 57. Ke2 Rh8 58. Kd3 Rh2 59. Re2 g2 60. Rg1 Kxf3 61. Rc2 d5 62. Re2 dxe4+ 63. Kd2 Rxc3 0-1

[Event "IIFL Wealth  4th Mumbai Junior U-13"]
[Site "Mumbai"]
[Date "2018.12.30"]
[Round "1"]
[White "Jain Vihaan"]
[Black "Barde Om"]
[Result "0-1"]
[WhiteElo "1149"]
[BlackElo "1801"]
[Annotator "NA RC"]
[PlyCount "106"]
[EventDate "2018.12.30"]
[EventType "swiss"]
[EventCountry "IND"]
[SourceTitle "playchess.com"]
[Source "ChessBase"]
[SourceQuality "1"]

1. e4 c5 2. Nc3 d6 3. f4 Nf6 4. Nf3 e6 5. Bc4 Be7 6. O-O O-O 7. d4 cxd4 8. Nxd4 Nc6 9. Be3 a6 10. Qd2 Nxd4 11. Bxd4 b5 12. Bb3 b4 13. Bxf6 Bxf6 14. Na4 Rb8 15. Rad1 Be7 16. c3 a5 17. Bc4 Qc7 18. b3 Bd7 19. Nb2 bxc3 20. Qxc3 Bf6 21. Qd2 Bxb2 22. Qxb2 Qxc4 23. Qxg7+ Kxg7 24. bxc4 Bc6 25. Rxd6 Bxe4 26. c5 Rb2 27. Rd4 Bd5 28. Rf2 Rxf2 29. Kxf2 Rc8 30. a3 Rxc5 31. Rd3 Rc2+ 32. Ke3 Rxg2 33. Rd2 Rxd2 34. Kxd2 Kf6 35. Ke3 Kf5 36. h3 Bg2 37. h4 Bd5 38. h5 h6 39. Kd4 Kxf4 40. Kc5 a4 41. Kd6 f5 42. Ke7 Kg5 43. Kf7 f4 44. Kg7 f3 45. Kf8 f2 46. Ke7 f1=Q 47. Ke8 e5 48. Ke7 Qf6+ 49. Kd7 Qe6+ 50. Kc7 Qc6+ 51. Kd8 Qb7 52. Ke8 Be6 53. Kf8 Qf7# 0-1

[Event "IIFL Wealth  4th Mumbai Junior U-13"]
[Site "Mumbai"]
[Date "2018.12.30"]
[Round "1"]
[White "Ks Saikrishna"]
[Black "Garv Rai"]
[Result "0-1"]
[WhiteElo "1138"]
[BlackElo "1772"]
[Annotator "NA RC"]
[PlyCount "27"]
[EventDate "2018.12.30"]
[EventType "swiss"]
[EventCountry "IND"]
[SourceTitle "playchess.com"]
[Source "ChessBase"]
[SourceQuality "1"]

1. e4 d6 2. d4 Nf6 3. Nc3 Nbd7 4. Nf3 e5 5. dxe5 dxe5 6. Bg5 Bb4 7. Qd3 O-O 8. O-O-O h6 9. Bxf6 Qxf6 10. Nd5 Qd6 11. Nxb4 Qxb4 12. Qc4 Qb6 13. Qb5 Qxf2 14. Rxd7 0-1

[Event "IIFL Wealth  4th Mumbai Junior U-13"]
[Site "Mumbai"]
[Date "2018.12.30"]
[Round "1"]
[White "Saukhya Savant"]
[Black "Devesh Anand Naik"]
[Result "0-1"]
[WhiteElo "1122"]
[BlackElo "1763"]
[Annotator "NA"]
[PlyCount "98"]
[EventDate "2018.12.30"]
[EventType "swiss"]
[EventCountry "IND"]
[SourceTitle "playchess.com"]
[Source "ChessBase"]
[SourceQuality "1"]

1. e4 c5 2. c3 e6 3. d4 d5 4. e5 Nc6 5. Nf3 Qb6 6. Bd3 cxd4 7. cxd4 Bd7 8. O-O Nxd4 9. Nxd4 Qxd4 10. Re1 Qb6 11. Nc3 Bc5 12. Qf3 Ne7 13. Rb1 Bb4 14. Bd2 Bc6 15. a3 Bxc3 16. bxc3 Qc5 17. Ra1 d4 18. Qg3 dxc3 19. Be3 Qa5 20. Rec1 O-O-O 21. Bg5 Rhe8 22. Bc4 Rd4 23. Ba2 Nf5 24. Qxc3 Qxc3 25. Rxc3 Rg4 26. Bc1 Rxg2+ 27. Kf1 Rxh2 28. Bb2 Rd8 29. Ke2 Nd4+ 30. Ke3 Rh3+ 31. Kd2 Nb3+ 32. Kc2 Rxc3+ 33. Bxc3 Nxa1+ 34. Bxa1 Bd5 35. Bxd5 Rxd5 36. Bb2 h5 37. Bc3 h4 38. f3 Rc5 39. Kd3 h3 40. Bd4 Rc1 41. Be3 Ra1 42. Bd4 Rxa3+ 43. Bc3 h2 44. Kd2 h1=Q 45. Bb2 Rxf3 46. Bc3 Qg2+ 47. Kd1 Rf1+ 48. Be1 a5 49. Kc1 Rxe1# 0-1

[Event "IIFL Wealth  4th Mumbai Junior U-13"]
[Site "Mumbai"]
[Date "2018.12.30"]
[Round "1"]
[White "Shah, Viraj Bhaveshu"]
[Black "Ananmay Sharma"]
[Result "1-0"]
[WhiteElo "1119"]
[BlackElo "1749"]
[Annotator "NA"]
[PlyCount "80"]
[EventDate "2018.12.30"]
[EventType "swiss"]
[EventCountry "IND"]
[SourceTitle "playchess.com"]
[Source "ChessBase"]
[SourceQuality "1"]

1. e4 c6 2. Nf3 d5 3. Nc3 Bg4 4. Be2 e6 5. d3 Nd7 6. O-O Ngf6 7. Bg5 Bxf3 8. Bxf3 Be7 9. Re1 O-O 10. Ne2 Ne5 11. Ng3 Ng6 12. e5 Nd7 13. Bxe7 Qxe7 14. d4 c5 15. c3 Nb8 16. Qd2 Nc6 17. Rad1 Rac8 18. Nf1 cxd4 19. cxd4 Nh4 20. Bg4 Nxd4 21. Qxd4 Rc4 22. Qxa7 Rxg4 23. Ne3 Re4 24. Nc2 Qg5 25. Ne3 Rxe3 26. g3 Nf3+ 27. Kf1 Rxe1+ 28. Rxe1 Nxe1 29. Kxe1 Qxe5+ 30. Kf1 Qxb2 31. Kg1 d4 32. Qc5 d3 33. Qd6 d2 34. Kg2 Qc1 35. Qd3 d1=Q 36. Qe4 Qh1+ 37. Kh3 Qxe4 38. g4 Qf3+ 39. Kh4 g5+ 40. Kh5 Qh3# 1-0

[Event "IIFL Wealth  4th Mumbai Junior U-13"]
[Site "Mumbai"]
[Date "2018.12.30"]
[Round "1"]
[White "Shreyas Ravindra Patil"]
[Black "Arhan Chethan Anand"]
[Result "0-1"]
[WhiteElo "1110"]
[BlackElo "1710"]
[Annotator "NA"]
[PlyCount "144"]
[EventDate "2018.12.30"]
[EventType "swiss"]
[EventCountry "IND"]
[SourceTitle "playchess.com"]
[Source "ChessBase"]
[SourceQuality "1"]

1. e4 e5 2. Nf3 Nc6 3. Bb5 a6 4. Ba4 Nf6 5. O-O Be7 6. Re1 b5 7. Bb3 d6 8. c3 O-O 9. d4 Bg4 10. Be3 Bh5 11. Nbd2 Na5 12. Bc2 c5 13. dxc5 dxc5 14. Qc1 Nc6 15. a4 Qc7 16. axb5 axb5 17. Bd1 Qb7 18. c4 Bxf3 19. Bxf3 Nd4 20. Bxd4 cxd4 21. cxb5 Bb4 22. Rd1 Rxa1 23. Qxa1 Qxb5 24. Nf1 Rb8 25. Nd2 h6 26. h3 Nd7 27. Nf1 Bf8 28. Rd2 Nc5 29. Qa2 Nb3 30. Be2 Qc6 31. Rd1 Qxe4 32. Ng3 Qc2 33. Qa7 Rc8 34. Bg4 Qc7 35. Qxc7 Rxc7 36. Re1 Rc1 37. Bd1 Bb4 38. Rf1 Nd2 39. Ne2 Ra1 40. Re1 Nf3+ 41. gxf3 Bxe1 42. Bb3 d3 43. Ng3 d2 44. Ne4 d1=Q 45. Bxd1 Rxd1 46. Kg2 f5 47. Nc3 Bxc3 48. bxc3 f4 49. c4 Rc1 50. c5 Kf7 51. c6 Ke6 52. c7 Rxc7 53. Kg1 Kf5 54. Kg2 g5 55. Kg1 h5 56. Kg2 g4 57. hxg4+ hxg4 58. fxg4+ Kxg4 59. f3+ Kf5 60. Kf2 Rc2+ 61. Ke1 e4 62. fxe4+ Kxe4 63. Kd1 Rh2 64. Ke1 f3 65. Kf1 Ke3 66. Kg1 Ra2 67. Kh1 f2 68. Kg2 Ke2 69. Kg3 f1=Q 70. Kh4 Qg2 71. Kh5 Ra3 72. Kh4 Rh3# 0-1

[Event "IIFL Wealth  4th Mumbai Junior U-13"]
[Site "Mumbai"]
[Date "2018.12.30"]
[Round "1"]
[White "Arushi Srichandan"]
[Black "Pawar, Harshit"]
[Result "0-1"]
[WhiteElo "1100"]
[BlackElo "1671"]
[Annotator "NA RC"]
[PlyCount "54"]
[EventDate "2018.12.30"]
[EventType "swiss"]
[EventCountry "IND"]
[SourceTitle "playchess.com"]
[Source "ChessBase"]
[SourceQuality "1"]

1. e4 d5 2. exd5 Nf6 3. c4 c6 4. dxc6 Nxc6 5. Nc3 e5 6. d3 Bf5 7. Nf3 Bc5 8. Be3 Bd4 9. Be2 O-O 10. O-O Re8 11. Bg5 Bxc3 12. bxc3 Qd6 13. Nh4 Bd7 14. Qd2 Rad8 15. Nf3 Bf5 16. Rad1 Qe6 17. Bxf6 Qxf6 18. Qg5 Qe6 19. Nh4 Bg6 20. Nxg6 hxg6 21. Rfe1 Qd6 22. Qe3 Qa3 23. Qd2 Rd6 24. Qc2 Qc5 25. Bf3 f5 26. Bd5+ Kf8 27. d4 Qa5 0-1

[Event "IIFL Wealth  4th Mumbai Junior U-13"]
[Site "Mumbai"]
[Date "2018.12.30"]
[Round "1"]
[White "Sureka Akshat"]
[Black "Mahajan Ayush"]
[Result "0-1"]
[WhiteElo "1078"]
[BlackElo "1629"]
[Annotator "NA"]
[PlyCount "56"]
[EventDate "2018.12.30"]
[EventType "swiss"]
[EventCountry "IND"]
[SourceTitle "playchess.com"]
[Source "ChessBase"]
[SourceQuality "1"]

1. c4 e5 2. Nc3 Bc5 3. g3 Nc6 4. Bg2 d6 5. Nf3 Be6 6. d3 Nf6 7. O-O h6 8. a3 a5 9. Ne1 O-O 10. Nc2 d5 11. cxd5 Nxd5 12. Nxd5 Bxd5 13. Ne3 Bxg2 14. Kxg2 Nd4 15. Ng4 Qd5+ 16. e4 Qe6 17. f4 exf4 18. Bxf4 f5 19. exf5 Nxf5 20. Bxc7 Qc6+ 21. Qf3 Ne3+ 22. Nxe3 Rxf3 23. Rxf3 Bxe3 24. Bf4 Rf8 25. Raf1 Bxf4 26. gxf4 Rxf4 27. Kg3 Rxf3+ 28. Rxf3 Qb5 0-1

[Event "IIFL Wealth  4th Mumbai Junior U-13"]
[Site "Mumbai"]
[Date "2018.12.30"]
[Round "1"]
[White "Avaneesh Handur"]
[Black "Akshit Jha"]
[Result "0-1"]
[WhiteElo "1071"]
[BlackElo "1604"]
[Annotator "NA"]
[PlyCount "96"]
[EventDate "2018.12.30"]
[EventType "swiss"]
[EventCountry "IND"]
[SourceTitle "playchess.com"]
[Source "ChessBase"]
[SourceQuality "1"]

1. e4 e6 2. d4 d5 3. Nd2 Nf6 4. e5 Nfd7 5. Ngf3 c5 6. c3 Nc6 7. Be2 Be7 8. O-O O-O 9. Qc2 c4 10. b3 cxb3 11. Nxb3 f6 12. exf6 Nxf6 13. Bd3 Bd7 14. Re1 h6 15. Nh4 Qc7 16. Ng6 Ng4 17. f4 Rf7 18. Qe2 Nf6 19. Nd2 Bd6 20. Nf3 Ne8 21. Qe3 Rf6 22. Rb1 b6 23. Bd2 Na5 24. Nfe5 Nc4 25. Nxc4 dxc4 26. Bc2 Bc6 27. Ne5 Bd5 28. Ng6 Qb7 29. Qe2 Nc7 30. Ne5 Qa6 31. a4 Rc8 32. Nd7 Rf7 33. Ne5 Bxe5 34. Qxe5 Qb7 35. Re2 Rcf8 36. Qh5 Qc6 37. Qg6 Rf6 38. Qg3 Ne8 39. Qg4 Nd6 40. Re3 Nf5 41. Bxf5 exf5 42. Qg3 Rg6 43. Qe1 Bxg2 44. Kf2 Be4 45. Rb5 Rg2+ 46. Kf1 Bd3+ 47. Re2 Qf3+ 48. Qf2 Qxf2# 0-1

[Event "IIFL Wealth  4th Mumbai Junior U-13"]
[Site "Mumbai"]
[Date "2018.12.30"]
[Round "1"]
[White "Bhosale Saarth"]
[Black "Tejes Suresh Kumar"]
[Result "0-1"]
[WhiteElo "1066"]
[BlackElo "1586"]
[Annotator "NA RC"]
[PlyCount "63"]
[EventDate "2018.12.30"]
[EventType "swiss"]
[EventCountry "IND"]
[SourceTitle "playchess.com"]
[Source "ChessBase"]
[SourceQuality "1"]

1. e4 e5 2. Nf3 Nc6 3. d4 exd4 4. Bc4 Bc5 5. c3 Nf6 6. e5 d5 7. Bb5 Ne4 8. cxd4 Bb6 9. Nbd2 Bg4 10. Qc2 Nxd2 11. Bxd2 Qd7 12. Be3 O-O 13. Qa4 f6 14. Rc1 Bxf3 15. gxf3 fxe5 16. dxe5 Bxe3 17. fxe3 Rxf3 18. Bxc6 bxc6 19. Qxc6 Qxc6 20. Rc2 Qc5 21. Rxc5 Rxe3+ 22. Kd2 Rxe5 23. Rxc7 Rh5 24. Kd3 a5 25. Rc5 a4 26. Kd4 Rd8 27. Ra5 Rb8 28. Rb1 Rxh2 29. Rxd5 Rd2+ 30. Kc4 Rc8+ 31. Rc5 Rc2+ 32. Kd4 0-1

[Event "IIFL Wealth  4th Mumbai Junior U-13"]
[Site "Mumbai"]
[Date "2018.12.30"]
[Round "1"]
[White "Ambre Ved"]
[Black "Pingale Shivraj"]
[Result "1/2-1/2"]
[WhiteElo "1063"]
[BlackElo "1580"]
[Annotator "NA"]
[PlyCount "82"]
[EventDate "2018.12.30"]
[EventType "swiss"]
[EventCountry "IND"]
[SourceTitle "playchess.com"]
[Source "ChessBase"]
[SourceQuality "1"]

1. e4 e6 2. d4 d5 3. Nc3 dxe4 4. Nxe4 Nd7 5. Nf3 Ngf6 6. Nc3 Be7 7. Bc4 O-O 8. O-O b6 9. d5 exd5 10. Nxd5 Bb7 11. Bf4 Nxd5 12. Bxd5 c6 13. Bb3 Nc5 14. Re1 Bf6 15. Be5 Bxe5 16. Nxe5 Qc7 17. Bc4 Rad8 18. Qf3 b5 19. Qe3 bxc4 20. Qxc5 Rd5 21. Qxa7 Ra8 22. Nxc4 h6 23. Qe3 Rad8 24. c3 c5 25. Qe7 R8d7 26. Qe3 Rg5 27. f3 Rh5 28. h3 Rhd5 29. a4 Ba6 30. Qe8+ Kh7 31. Qe4+ f5 32. Qe2 Qg3 33. b3 Bxc4 34. bxc4 Rd2 35. Qf1 R7d3 36. Red1 Rxd1 37. Rxd1 Rxc3 38. a5 Qe5 39. Ra1 Qd4+ 40. Kh2 Rxc4 41. a6 Ra4 1/2-1/2